Pseudoartrosis y su tratamiento / (Record no. 58322)
[ view plain ]
| 000 -LEADER | |
|---|---|
| campo de control de longitud fija | 00457nam a2200157 i 4500 |
| 001 - NÚMERO DE CONTROL | |
| campo de control | 58322 |
| 003 - IDENTIFICADOR DE NÚMERO DE CONTROL | |
| campo de control | ES-MaACL |
| 005 - FECHA Y HORA DE LA ÚLTIMA TRANSACCIÓN | |
| campo de control | 20230906163759.0 |
| 007 - CAMPO FIJO DE DESCRIPCIÓN FÍSICA--INFORMACIÓN GENERAL | |
| campo de control de longitud fija | t| |
| 008 - DATOS DE LONGITUD FIJA--INFORMACIÓN GENERAL | |
| campo de control de longitud fija | 031021s1909 sp ||||1| spa d |
| 100 1# - ENTRADA PRINCIPAL--NOMBRE DE PERSONA | |
| Nombre de persona | Durán Sanz, Ignacio. |
| 9 (RLIN) | 46236 |
| 245 10 - MENCIÓN DEL TÍTULO | |
| Título | Pseudoartrosis y su tratamiento / |
| Mención de responsabilidad, etc. | Ignacio Durán Sanz. |
| 260 ## - PUBLICACIÓN, DISTRIBUCIÓN, ETC. | |
| Lugar de publicación, distribución, etc. | Granada : |
| Nombre del editor, distribuidor, etc. | [s.n., |
| Fecha de publicación, distribución, etc. | 1909] ( |
| Fabricante | Tip. Lit. Paulino V. Travesset) |
| 502 ## - NOTA DE TESIS | |
| Nota de tesis | Tesis doctoral. |
| 852 ## - LOCALIZACIÓN | |
| Ubicación | ES-MaACL |
| Número de control de estantería | T-1225-F-12 |
| Estatus retirado | Estado de pérdida | Estado de daño | No para préstamo | Colección | Biblioteca de origen | Biblioteca actual | Ubicación en estantería | Fecha de adquisición | Fuente de adquisición | Total de préstamos | Signatura topográfica completa | Código de barras | Visto por última vez | Precio de reemplazo | Tipo de ítem Koha |
|---|---|---|---|---|---|---|---|---|---|---|---|---|---|---|---|
| Colección de folletos | Biblioteca del Ateneo de Madrid | Biblioteca del Ateneo de Madrid | Depósito folletos | 17/01/2008 | T-1225-F-12 | 1061199 | 23/02/2023 | 23/02/2023 | Folleto |
